000 00876nam a2200253 i 4500
001 54170
003 ES-MaACL
005 20250728052036.0
007 t|
008 960716s1890 cl ||||1|cspa d
040 _aCAM
_bspa
_cCAM
080 _a008(8=134.2)"18"
080 _a821.134.2(7/8).09"18"
080 _a929(8=134.2)"18"
100 1 _aFigueroa, Pedro Pablo.
_950789
245 1 0 _aPensadores americanos
_b: semblanzas biográfico-críticas /
_cpor Pedro Pablo Figueroa.
260 _aSantiago de Chile :
_b[s.n.],
_c1890 (
_fImprenta de El Correo)
300 _a137 p., [2] h. ;
_c24 cm.
650 0 4 _aLiteratura hispanoamericana-
_yS.XIX-
_xHistoria y crítica.
_914609
650 4 _aHispanoamericanos-
_xBiografías.
_9146618
651 7 _aAmérica Latina-
_xVida intelectual
_2
_9155137
852 _aES-MaACL
_jT-556-F-4
999 _c54170
_d54170